书目信息 |
| 题名: |
显生宙
|
|
| 作者: | ;傅栩 译 ;日本朝日新闻出版 著 | |
| 分册: | 2 古生代 | |
| 出版信息: | 北京 人民文学出版社 2020.09 |
|
| 页数: | 133页 | |
| 开本: | 30cm | |
| 丛书名: | ||
| 单 册: | ||
| 中图分类: | P534.4 | |
| 科图分类: | ||
| 主题词: | 显生宙--xian sheng zhou--普及读物 , 古生代--gu sheng dai--普及读物 | |
| 电子资源: | ||
| ISBN: | 978-7-02-016086-0 | |
| 000 | 01195nam0 2200301 450 | |
| 001 | 0109110152 | |
| 005 | 20201109143600.54 | |
| 010 | @a978-7-02-016086-0@dCNY98.00 | |
| 100 | @a20200928d2020 em y0chiy50 ea | |
| 101 | 1 | @achi@cjpn |
| 102 | @aCN@b110000 | |
| 105 | @aab z 000yy | |
| 106 | @ar | |
| 200 | 1 | @a显生宙@Axian sheng zhou@i古生代@h2@f日本朝日新闻出版著@g傅栩[等]译 |
| 210 | @a北京@c人民文学出版社@d2020.09 | |
| 215 | @a133页@c图,照片,地图@d30cm | |
| 300 | @a46亿年的奇迹:地球简史99读书人 | |
| 304 | @a译者还有:贺璐婷、苏萍、李波 | |
| 312 | @a封面其他题名信息:5亿4100万年前-2亿5217万年前 | |
| 330 | @a本书介绍了古代海洋的闭合,巨神海的消失、藻类出现之后引起的自然环境的变化、鱼类开始进化、水生植物开始向陆地生长以及两栖动物的出现等,以故事的形式和图片呈现这一动植物与环境的变化过程。 | |
| 517 | 1 | @a5亿4100万年前-2亿5217万年前@A5 yi 4100 wan nian qian-2 yi 5217 wan nian qian |
| 606 | 0 | @a显生宙@Axian sheng zhou@j普及读物 |
| 606 | 0 | @a古生代@Agu sheng dai@j普及读物 |
| 690 | @aP534.4@v5 | |
| 702 | 0 | @a傅栩@Afu xu@4译 |
| 711 | 02 | @a日本朝日新闻出版@Ari ben zhao ri xin wen chu ban@4著 |
| 801 | 0 | @aCN@bBJSZM@c20201103 |
| 905 | @b1239997-9@dP534.4@e158:2@f3 | |
| 显生宙.古生代.2/日本朝日新闻出版著/傅栩[等]译.-北京:人民文学出版社,2020.09 |
| 133页:图,照片,地图;30cm |
| 46亿年的奇迹:地球简史99读书人 |
| ISBN 978-7-02-016086-0:CNY98.00 |
| 本书介绍了古代海洋的闭合,巨神海的消失、藻类出现之后引起的自然环境的变化、鱼类开始进化、水生植物开始向陆地生长以及两栖动物的出现等,以故事的形式和图片呈现这一动植物与环境的变化过程。 |
| ● |
| 相关链接 |
|
|
|
|
正题名:显生宙
索取号:P534.4/158:2
 
预约/预借
| 序号 | 登录号 | 条形码 | 馆藏地/架位号 | 状态 | 备注 |
| 1 | 1239997 | 212399974 | 第二样本阅览室/ [索取号:P534.4/158:2] | 在馆 | |
| 2 | 1239998 | 212399983 | 第三借阅区/ [索取号:P534.4/158:2] |
已借出,限还日期为2022.10.03 借出人:何利娟 |
|
| 3 | 1239999 | 212399992 | 第三借阅区/ [索取号:P534.4/158:2] | 在馆 |